Religion Quiz

Random Religion or Bible Quiz

Odd One Out: King James Version Quiz Stats

 Plays Quiz Updated Oct 28, 2017

Score 0/20 Timer 05:00
1 Play Today
Question Answer Wrong Answers
Which is not a Bible book according to the King James Version? Numerology
90.2%
Exodus
5.3%
Deuteronomy
2.6%
Leviticus
1.9%
Which is not a Bible book according to the King James Version? Wisdom
84.4%
Lamentations
9.6%
Psalms
2.3%
Proverbs
1.5%
Which is not a Bible book according to the King James Version? Thomas
83%
Mark
2.3%
Luke
0.7%
John
1.4%
Which is not a Bible book according to the King James Version? Trojans
83%
Romans
1.3%
Hebrews
1.3%
Philippians
2%
Which is not a Bible book according to the King James Version? 2 Princes
82.7%
1 Kings
3.5%
2 Chronicles
3.8%
1 Samuel
2.4%
Which is not a Bible book according to the King James Version? Silesians
81.4%
Galatians
3.2%
Ephesians
0.9%
Colossians
2.3%
Which is not a Bible book according to the King James Version? Ecclesiasticus
80.9%
Genesis
1.9%
Ecclesiastes
3.3%
Acts
1.2%
Which is not a Bible book according to the King James Version? 4 Maccabees
80%
1 Timothy
2.9%
2 Peter
2.4%
3 John
1.9%
Which is not a Bible book according to the King James Version? Martyrs
79.2%
Malachi
5.1%
Matthew
1.1%
Micah
1.8%
Which is not a Bible book according to the King James Version? Esdras
78.8%
Titus
6.4%
Revelation
0.7%
Judges
1.4%
Which is not a Bible book according to the King James Version? Sirach
78.4%
Song of Solomon
6.2%
2 Samuel
1.9%
Psalms
0.5%
Which is not a Bible book according to the King James Version? Gabriel
78%
Ezekiel
3.9%
Daniel
4%
2 Samuel
4.9%
Which is not a Bible book according to the King James Version? Jonathan
76.7%
1 John
2.2%
2 John
1.5%
3 John
7.3%
Which is not a Bible book according to the King James Version? Judith
75.4%
Ruth
3.7%
Esther
3.2%
Jude
7.1%
Which is not a Bible book according to the King James Version? Joseph
74.9%
Joel
15.1%
Job
3.1%
Jonah
6.1%
Which is not a Bible book according to the King James Version? Zebulun
73.3%
Ezra
3.7%
Zephaniah
9%
Zechariah
2.5%
Which is not a Bible book according to the King James Version? 2 Galatians
72.8%
2 Thessalonians
10.7%
2 Corinthians
3%
2 Kings
8.2%
Which is not a Bible book according to the King James Version? Jebediah
69.3%
Jeremiah
6.4%
Nehemiah
3.9%
Obadiah
9.3%
Which is not a Bible book according to the King James Version? Tobias
69.2%
Amos
6.5%
Nahum
11%
Micah
1.5%
Which is not a Bible book according to the King James Version? 2 James
61.5%
2 Timothy
16.6%
2 John
7%
2 Peter
11.7%

You're not logged in!

Compare scores with friends on all Sporcle quizzes.
OR
Log In

You Might Also Like...

Show Comments

Extras

Top Quizzes Today


Score Distribution

Your Account Isn't Verified!

In order to create a playlist on Sporcle, you need to verify the email address you used during registration. Go to your Sporcle Settings to finish the process.

Report this User

Report this user for behavior that violates our Community Guidelines.

Details: